000 00436nam a2200181Ia 4500
001 1923
005 20260306143804.0
008 260306t2011||||xx |||||||||||||| ||spa||
041 _aESP
082 _a158.1
_bR27
100 _aRath, Tom
_eAUT
245 0 _aLa ciencia del bienestar:
_blos 5 elementos esenciales
260 _c2011
300 _a233 páginas :
_c21cm.
650 _aGEN
654 _aCPS
942 _cLIB
_dJUS
_fJUS
_2ddc
_n
999 _c1923
_d1923